header

Midlatitude ionospheric dynamics and disturbances (Record no. 38929)

MARC details
000 -LEADER
fixed length control field 01465nam a2200373Ia 4500
082 04 - DEWEY DECIMAL CLASSIFICATION NUMBER
Classification number 551.51/45
245 00 - TITLE STATEMENT
Title Midlatitude ionospheric dynamics and disturbances
260 ## - PUBLICATION, DISTRIBUTION, ETC. (IMPRINT)
Place of publication Washington, DC :
Name of publisher American Geophysical Union,
Year of publication c2008.
300 ## - PHYSICAL DESCRIPTION
Number of Pages ix, 327 p. :
Other physical details ill. (some col.), maps (some col.)
490 1# - SERIES STATEMENT
Series statement Geophysical monograph series,
650 #0 - SUBJECT ADDED ENTRY--TOPICAL TERM
Topical Term Ionosphere
Topical Term Ionospheric storms.
Topical Term Sudden ionospheric disturbances.
Topical Term Space environment.
700 1# - ADDED ENTRY--PERSONAL NAME
Personal name Kintner, Paul M.
856 40 - ELECTRONIC LOCATION AND ACCESS
Uniform Resource Identifier http://site.ebrary.com/lib/rucke/Doc?id=10726708

No items available.

© 2026 Rongo University
Contact us: librarian | system librarian | Rongo university